[Event "83rd ESP-ch Women-ch 2018"]
[Site "Linares"]
[Date "2018.08.22"]
[Round "3"]
[White "Tudela Corbalan, Carlos"]
[Black "Gonzalez Guedes, Iyan"]
[Result "1-0"]
[WhiteElo "2246"]
[BlackElo "1925"]
[TimeControl "40/5400+30:1800+30"]
[Annotator "NA"]
[EventDate "2018.08.09"]
[PlyCount "89"]
[EventType "tourn"]
[EventCountry "ESP"]

1. c4 e5 2. Nc3 Nc6 3. g3 g6 4. Bg2 Bg7 5. e3 d6 6. Nge2 f5 7. b3 Nf6 8.
Bb2 O-O 9. d4 e4 10. Qd2 Nb4 $146 11. Nc1 c5 12. a3 Nc6 13. N1e2 cxd4 14.
exd4 d5 15. c5 b6 16. Rd1 bxc5 17. dxc5 Ne5 18. O-O Ba6 19. b4 Nf3+ 20.
Bxf3 exf3 21. Nd4 Bxf1 22. Kxf1 Re8 23. Qf4 Ne4 24. Qxf3 a5 25. Nce2 axb4
26. axb4 Rb8 27. Nc6 Qc8 28. Nxb8 Bxb2 29. Qb3 Qxb8 30. Rxd5 Bg7 31. f3 Kh8
$18 32. fxe4 fxe4 33. Kg2 Qb7 34. Rd6 e3+ 35. Qd5 Qxb4 36. Rd8 Qb5 37. Nd4
Qb2+ 38. Kh3 Rf8 39. Rxf8+ Bxf8 40. Qe5+ Kg8 41. Qe6+ Kg7 42. Qxe3 Qb8 43.
c6 Bd6 44. Qe6 Qf8 45. Kg2 1-0

[Event "83rd ESP-ch Women-ch 2018"]
[Site "Linares"]
[Date "2018.08.22"]
[Round "3"]
[White "Carretero Ortiz, Francisco"]
[Black "Burgos Olmos, Mario"]
[Result "1-0"]
[WhiteElo "2241"]
[BlackElo "1916"]
[TimeControl "40/5400+30:1800+30"]
[Annotator "NA"]
[EventDate "2018.08.09"]
[PlyCount "69"]
[EventType "tourn"]
[EventCountry "ESP"]

1. e4 c5 2. Nf3 d6 3. d4 cxd4 4. Qxd4 Nc6 5. Bb5 Bd7 6. Bxc6 Bxc6 7. Nc3 e5
8. Qd3 h6 9. O-O Nf6 10. Nd2 Be7 11. Nc4 b5 12. Ne3 b4 13. Ncd5 O-O 14. Rd1
Nxd5 15. Nxd5 Bxd5 16. Qxd5 Qc7 17. Qb3 Rfc8 18. Bd2 Qxc2 19. Qxb4 Rab8 20.
Qa3 Qxb2 21. Qxa7 Bf8 22. a4 Ra8 23. Qe3 Be7 24. Qd3 Qb7 25. a5 Ra6 26.
Rab1 Qa8 27. Rb6 Rxb6 28. axb6 Qc6 29. Rb1 Rb8 30. Be3 Qa4 31. h3 Qa8 32.
g3 f5 33. Qd5+ Qxd5 34. exd5 Bd8 35. b7 1-0

[Event "83rd ESP-ch Women-ch 2018"]
[Site "Linares"]
[Date "2018.08.22"]
[Round "3"]
[White "Silva Rodriguez, Fernando"]
[Black "Serrano Garcia, Luis"]
[Result "1-0"]
[WhiteElo "2239"]
[BlackElo "1915"]
[TimeControl "40/5400+30:1800+30"]
[Annotator "NA"]
[EventDate "2018.08.09"]
[PlyCount "69"]
[EventType "tourn"]
[EventCountry "ESP"]

1. d4 Nf6 2. c4 e6 3. Nc3 Bb4 4. e3 c5 5. Bd3 b6 6. Ne2 Bb7 7. O-O O-O 8.
a3 Bxc3 9. bxc3 d5 10. cxd5 exd5 11. f3 Re8 12. g4 Nc6 13. Ng3 c4 14. Bb1
Na5 15. Ra2 g6 16. Re2 h6 17. Bc2 Nb3 18. Bb2 Qc7 19. Qe1 Qc6 20. h4 Re6
21. g5 hxg5 22. hxg5 Nh7 23. f4 Rae8 24. Rf3 f5 25. gxf6 Rxf6 26. Rg2 Ng5
27. Rf1 Nh3+ 28. Kh2 Nxf4 29. Rgf2 Qe6 30. Rxf4 Rxf4 31. Rxf4 Qxe3 32. Qxe3
Rxe3 33. Bxg6 Nd2 34. Kg2 Ne4 35. Bf7+ 1-0

[Event "83rd ESP-ch Women-ch 2018"]
[Site "Linares"]
[Date "2018.08.22"]
[Round "3"]
[White "Alvarez Serrano, Carlos"]
[Black "Serarols Mabras, Bernat"]
[Result "0-1"]
[WhiteElo "2225"]
[BlackElo "2313"]
[TimeControl "40/5400+30:1800+30"]
[Annotator "NA"]
[EventDate "2018.08.09"]
[PlyCount "45"]
[EventType "tourn"]
[EventCountry "ESP"]

1. d4 Nf6 2. Nf3 d5 3. c4 e6 4. g3 Bb4+ 5. Bd2 Bd6 6. Nc3 O-O 7. Bg2 Nbd7
8. Bg5 Be7 9. O-O dxc4 10. e4 c6 11. a4 b6 12. Qe2 Ba6 13. b3 e5 14. dxe5
Ng4 15. e6 Nde5 16. Rfd1 Qe8 17. Nxe5 Nxe5 18. Bxe7 Qxe7 19. exf7+ Rxf7 20.
bxc4 Qc5 21. Bh3 Bxc4 22. Qc2 Raf8 23. Rf1 0-1

[Event "83rd ESP-ch Women-ch 2018"]
[Site "Linares"]
[Date "2018.08.22"]
[Round "3"]
[White "Sanchez Vigon, David"]
[Black "Rodriguez Redondo, Adhara"]
[Result "1-0"]
[WhiteElo "2220"]
[BlackElo "1909"]
[TimeControl "40/5400+30:1800+30"]
[Annotator "NA"]
[EventDate "2018.08.09"]
[PlyCount "79"]
[EventType "tourn"]
[EventCountry "ESP"]

1. Nf3 d5 2. c4 e6 3. g3 Nf6 4. b3 c5 5. Bg2 Nc6 6. e3 Be7 7. O-O O-O 8.
Qe2 Qc7 9. Nc3 a6 10. d4 Rd8 11. dxc5 Bxc5 12. Bb2 dxc4 13. Qxc4 Bd6 14.
Rac1 Qe7 15. Na4 Rb8 16. Nb6 e5 17. Ng5 h6 18. Nxc8 Rbxc8 19. Ne4 Nxe4 20.
Qxe4 Ba3 21. Bxa3 Qxa3 22. Rc2 Qb4 23. Rfc1 Qd6 24. h4 Rc7 25. Qa4 Rdc8 26.
Be4 g6 27. h5 gxh5 28. Bf5 Re8 29. Qh4 Nd4 30. exd4 Rxc2 31. Bxc2 exd4 32.
Bd3 Qe5 33. Qf4 Qg7 34. Qf5 h4 35. Rc8 Rf8 36. Rxf8+ Kxf8 37. Qc8+ Ke7 38.
Qxb7+ Kf8 39. Qc8+ Ke7 40. Qc7+ 1-0

[Event "83rd ESP-ch Women-ch 2018"]
[Site "Linares"]
[Date "2018.08.22"]
[Round "3"]
[White "Diaz Castro, Ismael"]
[Black "Amoros Moran, Jose Joaquin"]
[Result "1-0"]
[WhiteElo "2212"]
[BlackElo "1908"]
[TimeControl "40/5400+30:1800+30"]
[Annotator "NA"]
[EventDate "2018.08.09"]
[PlyCount "67"]
[EventType "tourn"]
[EventCountry "ESP"]

1. d4 Nf6 2. Nf3 e6 3. g3 b6 4. Bg2 Bb7 5. O-O d5 6. c4 Nbd7 7. Nc3 Be7 8.
Qc2 O-O 9. Rd1 a6 10. cxd5 exd5 11. Bf4 Rc8 12. Rac1 h6 13. h3 $146 Re8 14.
g4 Bf8 15. Bh2 g6 16. Ne5 Qe7 17. Qb3 Qe6 18. e3 Bg7 19. Ne2 c6 20. Nf4 Qe7
21. Nfd3 a5 22. a4 Qd8 23. Rc2 Nb8 24. Rdc1 $14 Nfd7 25. e4 Nxe5 26. Nxe5
Bxe5 27. Bxe5 Rxe5 28. dxe5 d4 29. e6 fxe6 30. Qxe6+ Kg7 31. e5 d3 32. Rd2
Ba6 33. Be4 Qg5 34. f4 1-0

[Event "83rd ESP-ch Women-ch 2018"]
[Site "Linares"]
[Date "2018.08.22"]
[Round "3"]
[White "Garcia Garcia, Adrian Antonio"]
[Black "Espinosa Aranda, Angel"]
[Result "1/2-1/2"]
[WhiteElo "2179"]
[BlackElo "2451"]
[TimeControl "40/5400+30:1800+30"]
[Annotator "ChessBase"]
[EventDate "2018.08.09"]
[PlyCount "125"]
[EventType "tourn"]
[EventCountry "ESP"]

1. e4 c5 2. Nc3 a6 3. a4 Nc6 4. g3 g6 5. Bg2 Bg7 6. f4 d6 7. Nf3 e5 8. d3
Nge7 9. O-O O-O 10. Be3 Nd4 11. Qd2 Bg4 12. fxe5 dxe5 13. Rf2 b5 14. axb5
axb5 15. Rxa8 Qxa8 16. Bxd4 cxd4 17. Nxb5 Qa1+ 18. Ne1 Qxb2 19. Qg5 Bc8 20.
c4 Qb4 21. Nc2 Qc5 22. Qd2 Bd7 23. Qb4 Qxb4 24. Nxb4 Ra8 25. Ra2 Rxa2 26.
Nxa2 Nc6 27. Nc7 Bf8 28. Nd5 Kg7 29. Bf3 Ba3 30. Bd1 Nd8 31. Nb6 Be6 32.
Kf2 Nb7 33. Ke1 Nc5 34. Kd2 f5 35. exf5 gxf5 36. Na4 Nd7 37. Nc1 Bb4+ 38.
Kc2 Kf6 39. Bf3 e4 40. Bg2 Ne5 41. dxe4 Bxc4 42. Nb2 Bf7 43. Ncd3 Bc3 44.
Nxe5 Kxe5 45. Nd3+ Kf6 46. exf5 Kxf5 47. Bf3 Be8 48. Nf4 Ke5 49. Nd3+ Kd6
50. Nf4 Kc5 51. Nd3+ Kb5 52. Be4 h6 53. Ne5 Kc5 54. Ng4 h5 55. Nf6 Bf7 56.
Bf3 Bg6+ 57. Be4 Bf7 58. Bf3 Kc4 59. Be4 Bb4 60. Bd3+ Kc5 61. Be2 Bg6+ 62.
Bd3 Bf7 63. Be2 1/2-1/2

[Event "83rd ESP-ch Women-ch 2018"]
[Site "Linares"]
[Date "2018.08.22"]
[Round "3"]
[White "Porta Tovar, Guillem"]
[Black "Ucles Lirola, Moises"]
[Result "0-1"]
[WhiteElo "2166"]
[BlackElo "1858"]
[TimeControl "40/5400+30:1800+30"]
[Annotator "NA"]
[EventDate "2018.08.09"]
[PlyCount "94"]
[EventType "tourn"]
[EventCountry "ESP"]

1. e4 c5 2. Nf3 d6 3. g3 g6 4. Bg2 Bg7 5. O-O Nc6 6. c3 Nf6 7. Re1 O-O 8.
d4 Nd7 9. Na3 Rb8 10. d5 Nce5 11. Nh4 b5 12. Bf1 b4 13. Nc2 bxc3 14. bxc3
Nb6 15. Ne3 c4 16. f4 Nd3 17. Bxd3 Bxc3 18. Bd2 Bxa1 19. Qxa1 cxd3 20. f5
Nd7 21. Ng4 Nf6 22. Nxf6+ exf6 23. Bc3 d2 24. Bxd2 Qb6+ 25. Be3 Qb2 26. Qd1
Rb4 27. Bxa7 Re8 28. fxg6 hxg6 29. Qd3 Qxa2 30. Bd4 Qc4 31. Qxc4 Rxc4 32.
Bxf6 Rcxe4 33. Rxe4 Rxe4 34. Ng2 Bb7 35. Nf4 Kf8 36. Kf2 Ra4 37. Kf3 Bc8
38. Bh4 Bf5 39. Ke3 Re4+ 40. Kf3 Re1 41. Kf2 Rh1 42. h3 Bxh3 43. Nxh3 Rxh3
44. Kg2 Rxh4 45. gxh4 Kg7 46. Kf3 Kh6 47. Kg4 f6 0-1

[Event "83rd ESP-ch Women-ch 2018"]
[Site "Linares"]
[Date "2018.08.22"]
[Round "3"]
[White "Lopez Guerrero, Jose Miguel"]
[Black "Fernandez Garcia, Francisco Jose"]
[Result "1-0"]
[WhiteElo "2148"]
[BlackElo "1835"]
[TimeControl "40/5400+30:1800+30"]
[Annotator "NA"]
[EventDate "2018.08.09"]
[PlyCount "115"]
[EventType "tourn"]
[EventCountry "ESP"]

1. e4 c5 2. Nf3 Nc6 3. Bb5 g6 4. O-O Bg7 5. d3 Qc7 6. Nc3 a6 7. Nd5 Qd8 8.
Ba4 $146 Nf6 9. Nxf6+ Bxf6 10. Bh6 Ne5 11. Nxe5 Bxe5 12. c3 b5 13. Bc2 Qb6
14. f4 Bc7 15. Kh1 Bb7 16. d4 f5 17. exf5 O-O-O 18. d5 gxf5 19. Bg5 Qg6 20.
Bxe7 Rhg8 21. Qd2 Rde8 22. Bxc5 Qh5 23. Bd1 Qh4 24. Bb3 Qg4 25. Rf2 d6 26.
Bd4 Rg6 27. Re1 Reg8 28. Rfe2 Kd8 29. Qe3 Kc8 30. Bb6 Qh4 31. Bxc7 Kxc7 32.
Qe7+ Qxe7 33. Rxe7+ Kb6 34. g3 a5 35. a3 b4 36. axb4 axb4 37. Rxh7 bxc3 38.
bxc3 R8g7 39. Rxg7 Rxg7 40. Re6 Kc5 41. c4 Bc8 42. Re8 Bd7 43. Rd8 Kb4 44.
Ba2 Ka3 45. Ra8+ Kb2 46. Kg2 Re7 47. Kf3 Be8 48. h3 Bg6 49. Ra6 $18 Bf7 50.
c5 Rc7 51. cxd6 Rc3+ 52. Kf2 Be8 53. Ra7 Rc2+ 54. Ke3 Rc3+ 55. Kd4 Rxg3 56.
Bc4 Rxh3 57. d7 Bxd7 58. Rxd7 1-0

[Event "83rd ESP-ch Women-ch 2018"]
[Site "Linares"]
[Date "2018.08.22"]
[Round "3"]
[White "Gomez Sanjuan, Hector Fernando"]
[Black "Moreno Ruiz, Javier"]
[Result "0-1"]
[WhiteElo "2146"]
[BlackElo "2450"]
[TimeControl "40/5400+30:1800+30"]
[Annotator "ChessBase"]
[EventDate "2018.08.09"]
[PlyCount "98"]
[EventType "tourn"]
[EventCountry "ESP"]

1. d4 Nf6 2. c4 e6 3. Nc3 Bb4 4. f3 d5 5. a3 Bxc3+ 6. bxc3 c5 7. cxd5 Nxd5
8. dxc5 Qa5 9. e4 Ne7 10. Be3 O-O 11. Qb3 Qc7 12. Bb5 Nec6 13. Ne2 Na5 14.
Qc2 a6 15. Bd3 Nd7 16. c6 Nxc6 17. O-O Nce5 18. Nd4 Nxd3 19. Qxd3 Ne5 20.
Bf4 Bd7 21. Bxe5 Qxe5 22. Rab1 Rfd8 23. Qe3 b5 24. f4 Qc5 25. e5 Rac8 26.
Rf3 Qxa3 27. Rh3 Qc5 28. Qd3 g6 29. Qg3 Bc6 30. Qg5 Rxd4 31. cxd4 Qxd4+ 32.
Kh1 Qd2 33. Rg1 Be4 34. Rg3 b4 35. h4 a5 36. h5 Qd8 37. hxg6 Qxg5 38. gxh7+
Kxh7 39. fxg5 Bc2 40. Rf1 Kg7 41. Rgf3 Rc7 42. g6 Bxg6 43. Ra1 Rc5 44. Kg1
Rxe5 45. Kf2 Bc2 46. Re3 Rb5 47. Ke2 b3 48. Rg3+ Kf8 49. Kd2 b2 0-1

[Event "83rd ESP-ch Women-ch 2018"]
[Site "Linares"]
[Date "2018.08.22"]
[Round "3"]
[White "Nunez, Daniela Alejandra"]
[Black "Arroyo Rodriguez, Jesus"]
[Result "1-0"]
[WhiteElo "2021"]
[BlackElo "2099"]
[TimeControl "40/5400+30:1800+30"]
[Annotator "NA"]
[EventDate "2018.08.09"]
[PlyCount "97"]
[EventType "tourn"]
[EventCountry "ESP"]

1. e4 c5 2. Nf3 g6 3. d4 cxd4 4. c3 Bg7 5. Bc4 Nf6 6. e5 Ng8 7. cxd4 d5 8.
Bb5+ Nc6 9. h3 $146 e6 10. Nc3 Bd7 11. Bg5 f6 12. exf6 Nxf6 13. O-O O-O 14.
Qd2 a6 15. Bd3 b5 16. Ne2 Qb6 17. Qe3 Rae8 18. Ne5 Nxe5 19. dxe5 Qxe3 20.
Bxe3 Ne4 21. f3 d4 22. Bxd4 Nd2 23. Rfd1 Nc4 24. f4 Rc8 25. h4 Bc6 26. b3
Na5 27. Bb6 Nb7 28. Rac1 Bd5 29. g3 Rfe8 30. b4 Bf8 31. a3 Bb3 32. Re1 Kf7
33. Be4 Bd5 34. Nc3 Bc6 35. Kf2 Be7 36. Red1 a5 37. bxa5 Bxa3 $18 38. Rb1
Bc5+ 39. Bxc5 Nxc5 40. Bxc6 Rxc6 41. Nxb5 Ra8 42. Nd6+ Kf8 43. Rb5 Rxd6 44.
Rxd6 Ne4+ 45. Ke3 Nxd6 46. exd6 Ke8 47. Kd4 Kd7 48. Ke5 Ra7 49. Rc5 1-0

[Event "83rd ESP-ch Women-ch 2018"]
[Site "Linares"]
[Date "2018.08.22"]
[Round "3"]
[White "Sosa Suarez, Carla Cristina"]
[Black "Montero Melendez, Rafael"]
[Result "0-1"]
[WhiteElo "2006"]
[BlackElo "2367"]
[TimeControl "40/5400+30:1800+30"]
[Annotator "NA"]
[EventDate "2018.08.09"]
[PlyCount "74"]
[EventType "tourn"]
[EventCountry "ESP"]

1. e4 d6 2. d4 Nf6 3. Nc3 g6 4. f4 Bg7 5. Nf3 c5 6. Be2 cxd4 7. Nxd4 Nc6 8.
Nxc6 bxc6 9. e5 dxe5 10. Qxd8+ Kxd8 11. O-O Be6 12. Na4 Nd7 13. Bd2 e4 14.
Ba5+ Ke8 15. Rad1 f5 16. Ba6 Rb8 17. c3 Bxa2 18. b4 Nb6 19. Bxb6 axb6 20.
Rc1 Bb3 21. Nb2 b5 22. Nd1 Kf7 23. Ne3 Rb6 24. Ra1 Bxc3 25. Ra3 Bxb4 26.
Rxb3 Bc5 27. Rc1 Bxe3+ 28. Rxe3 Rxa6 29. Rec3 Rb8 30. Rxc6 Rxc6 31. Rxc6 b4
32. Rc2 b3 33. Rb2 Ke6 34. Kf2 Kd5 35. Ke3 Kc4 36. Kd2 Rd8+ 37. Ke2 Kc3 0-1

[Event "83rd ESP-ch Women-ch 2018"]
[Site "Linares"]
[Date "2018.08.22"]
[Round "3"]
[White "Blazquez Gomez, Miguel"]
[Black "Alvarez Fernandez, Enrique"]
[Result "1/2-1/2"]
[WhiteElo "1998"]
[BlackElo "2324"]
[Annotator "TA"]
[EventDate "2018.08.09"]
[PlyCount "127"]
[EventType "tourn"]
[EventCountry "ESP"]

1. e4 c5 2. a3 g6 3. b4 Bg7 4. Nc3 d6 5. g3 Nc6 6. Rb1 b6 7. Bg2 Bb7 8.
Nge2 Nd4 $146 9. bxc5 dxc5 10. O-O e6 11. d3 Ne7 12. h4 O-O 13. a4 Bc6 14.
a5 Rb8 15. axb6 axb6 16. Nxd4 cxd4 17. Ne2 Qd7 18. h5 Rfc8 19. h6 Ba4 20.
Rb2 Bf8 21. Bf4 Rb7 22. Qb1 Nc6 23. c4 e5 $17 24. Bd2 Bc5 25. f4 $11 f6 26.
Kh2 Rf8 27. Bh3 Qe8 28. Ra2 Nd8 29. Bb4 Bd7 30. Ra8 Bxh3 31. Kxh3 Qd7+ 32.
Kg2 $1 Qe7 33. Bxc5 bxc5 34. Qa2 Nf7 35. Rxf8+ Qxf8 36. fxe5 fxe5 37. Qa5
Qd6 $15 38. Rf2 $2 Nxh6 $19 39. Qa8+ Rb8 40. Qa7 $17 Rf8 41. Rxf8+ $11 Qxf8
42. Qd7 Qf7 43. Qc8+ Qf8 44. Qe6+ Nf7 45. Ng1 $1 Qd6 46. Qe8+ Kg7 47. Nf3
h6 48. Qc8 Qb6 49. Qd7 Kf6 50. Nh4 Qd6 51. Qc8 Kg7 52. Qg4 Qf6 53. Qd7 h5
54. Qc7 Qd6 55. Qb7 Qe6 56. Qc7 Qd6 57. Qb7 Kf8 58. Qc8+ Kg7 59. Qb7 Qf6
60. Qc7 Qg5 61. Nf3 Qe3 62. Nxe5 Qe2+ 63. Kg1 Qe1+ 64. Kg2 1/2-1/2

[Event "83rd ESP-ch Women-ch 2018"]
[Site "Linares"]
[Date "2018.08.22"]
[Round "3"]
[White "Diaz Rodriguez, Jose Antonio"]
[Black "Sole Pijuan, Ferran"]
[Result "1-0"]
[WhiteElo "1991"]
[BlackElo "2320"]
[TimeControl "40/5400+30:1800+30"]
[Annotator "NA"]
[EventDate "2018.08.09"]
[PlyCount "69"]
[EventType "tourn"]
[EventCountry "ESP"]

1. e4 e5 2. f4 exf4 3. Nf3 Nf6 4. e5 Nh5 5. Bc4 d5 6. Be2 g6 7. d4 Bg7 8.
O-O Bg4 9. Nbd2 O-O 10. Ne1 Bxe2 11. Qxe2 c6 12. Nd3 Qh4 13. Rf3 Nd7 14.
Rh3 Qg5 15. Nf3 Qf5 16. Nh4 Qe6 17. Nxf4 Nxf4 18. Bxf4 f6 19. Nf3 fxe5 20.
Bxe5 Nxe5 21. dxe5 Rf5 22. Qd2 Bxe5 23. Ng5 Qf6 24. Nf3 Bxb2 25. Rb1 Bc3
26. Qh6 Qf7 27. Rg3 b6 28. Rg4 Re8 29. h4 Bg7 30. Qd2 Re4 31. Ng5 Bd4+ 32.
Qxd4 Rxg5 33. Rxe4 dxe4 34. hxg5 Qxa2 35. Rf1 1-0

[Event "83rd ESP-ch Women-ch 2018"]
[Site "Linares"]
[Date "2018.08.22"]
[Round "3"]
[White "Gonzalez Garcia, Francisco"]
[Black "Calzetta Ruiz, Monica"]
[Result "1/2-1/2"]
[WhiteElo "1972"]
[BlackElo "2302"]
[TimeControl "40/5400+30:1800+30"]
[Annotator "NA"]
[EventDate "2018.08.09"]
[PlyCount "57"]
[EventType "tourn"]
[EventCountry "ESP"]

1. e4 c5 2. Nf3 e6 3. d4 cxd4 4. Nxd4 Nf6 5. Nc3 Nc6 6. a3 d6 7. Be2 Be7 8.
O-O O-O 9. Be3 a6 10. Kh1 Qc7 11. f4 Nxd4 12. Bxd4 e5 13. Be3 Be6 14. Bf3
Rac8 15. f5 Bc4 16. Rf2 Rfd8 17. Rd2 h6 18. Qg1 Nd7 19. g4 Bg5 20. Bxg5
hxg5 21. h4 gxh4 22. Qh2 Qb6 23. Nd1 d5 24. Qxh4 dxe4 25. Rh2 Qh6 26. Qxh6
gxh6 27. Bxe4 Nc5 28. Bg2 Bd5 29. Bxd5 1/2-1/2

[Event "83rd ESP-ch Women-ch 2018"]
[Site "Linares"]
[Date "2018.08.22"]
[Round "3"]
[White "Alvarez Morales, Miguel"]
[Black "Diaz Castro, Sergio"]
[Result "0-1"]
[WhiteElo "1955"]
[BlackElo "2289"]
[TimeControl "40/5400+30:1800+30"]
[Annotator "NA"]
[EventDate "2018.08.09"]
[PlyCount "62"]
[EventType "tourn"]
[EventCountry "ESP"]

1. c4 e5 2. Nc3 d6 3. Nf3 f5 4. d4 e4 5. Nd2 Nf6 6. e3 g6 7. Be2 Bg7 8. g4
c5 9. gxf5 Bxf5 10. Qb3 cxd4 11. exd4 Nc6 12. Qxb7 Bd7 13. Nb5 O-O 14. Qa6
Nb4 15. Qa4 Nd3+ 16. Bxd3 exd3 17. Nf1 a6 18. Qb3 axb5 19. cxb5+ Kh8 20.
Qxd3 Qa5+ 21. Bd2 Qxb5 22. Qxb5 Bxb5 23. Be3 Nd5 24. a3 Rae8 25. O-O-O Bxf1
26. Rhxf1 Nxe3 27. fxe3 Rxf1 28. Rxf1 Rxe3 29. Kc2 Bxd4 30. a4 Be5 31. b3
Rc3+ 0-1

[Event "83rd ESP-ch Women-ch 2018"]
[Site "Linares"]
[Date "2018.08.22"]
[Round "3"]
[White "Ortin Blanco, Ainhoa"]
[Black "Esquivias Quintero, Luis Manuel"]
[Result "0-1"]
[WhiteElo "1951"]
[BlackElo "2260"]
[TimeControl "40/5400+30:1800+30"]
[Annotator "NA"]
[EventDate "2018.08.09"]
[PlyCount "72"]
[EventType "tourn"]
[EventCountry "ESP"]

1. d4 e6 2. c4 b6 3. e4 Bb7 4. Bd3 Nc6 5. Ne2 Nb4 6. Nbc3 Nxd3+ 7. Qxd3 d6
8. O-O g6 9. d5 Bg7 10. f4 Ne7 11. Nd4 exd5 12. cxd5 O-O 13. Be3 c5 $146
14. dxc6 Nxc6 15. Rad1 Nb4 16. Qc4 a5 17. Qb3 Ba6 18. Rf3 Rc8 19. Rd2 Bc4
20. Qa4 Nd3 21. Qd1 Nc5 22. Rg3 Qe7 23. b3 Ba6 24. Nd5 Qb7 25. Nf5 gxf5 26.
Bd4 f6 $1 27. Bxf6 Rf7 28. e5 Ne4 29. exd6 Nxf6 30. Nxf6+ Rxf6 31. d7 Rd8
32. Qa1 Rf7 33. Qe5 Qe4 $19 34. Qa1 Rdxd7 35. Qd1 Rxd2 36. Qxd2 Qb1+ 0-1

[Event "83rd ESP-ch Women-ch 2018"]
[Site "Linares"]
[Date "2018.08.22"]
[Round "3"]
[White "De la Pena Garcia, Blanca"]
[Black "Cuevas Fernandez, Jose Alberto"]
[Result "0-1"]
[WhiteElo "1811"]
[BlackElo "2147"]
[TimeControl "40/5400+30:1800+30"]
[Annotator "NA"]
[EventDate "2018.08.09"]
[PlyCount "92"]
[EventType "tourn"]
[EventCountry "ESP"]

1. e4 c5 2. Nf3 Nc6 3. d4 cxd4 4. Nxd4 e5 5. Nb5 Nf6 6. N1c3 a6 7. Nd6+
Bxd6 8. Qxd6 Qe7 9. Qd1 h6 10. Bc4 O-O 11. O-O d6 12. h3 Be6 13. Bd5 Rac8
14. a3 Nd4 15. Bxe6 fxe6 16. f4 Nc6 17. fxe5 Nxe5 18. Bf4 Nf7 19. Qe2 Qc7
20. Kh1 Qb6 21. Rab1 Qc5 22. Rbd1 Ne5 23. Be3 Qc6 24. Bf4 Rfd8 25. Bxe5
dxe5 26. Rd3 Rd4 27. Qf2 Qd7 28. Qg3 Qe7 29. Qxe5 Rxd3 30. cxd3 Rc5 31.
Qb8+ Kh7 32. d4 Rg5 33. Rf3 Nh5 34. Rf8 e5 35. d5 Nf6 36. Rc8 Qf7 37. Rh8+
Kg6 38. Qf8 Qc7 39. Qb4 a5 40. Qa4 Qc5 41. Rb8 Qf2 42. g4 Qf1+ 43. Kh2 Qf2+
44. Kh1 h5 45. Rh8 Qf1+ 46. Kh2 hxg4 0-1

[Event "83rd ESP-ch Women-ch 2018"]
[Site "Linares"]
[Date "2018.08.22"]
[Round "3"]
[White "Argibay Fontan, Santiago"]
[Black "Kolotilina, Liudmila"]
[Result "0-1"]
[WhiteElo "1788"]
[BlackElo "2216"]
[TimeControl "40/5400+30:1800+30"]
[Annotator "NA"]
[EventDate "2018.08.09"]
[PlyCount "71"]
[EventType "tourn"]
[EventCountry "ESP"]

1. d4 d5 2. c4 e6 3. Nc3 c6 4. Nf3 dxc4 5. e4 b5 6. a3 Nf6 7. Bg5 Be7 8.
Qc2 h6 9. Bxf6 Bxf6 10. d5 exd5 11. exd5 cxd5 12. Nxb5 Qa5+ 13. Nc3 O-O 14.
O-O-O Be6 15. Nd4 Bxd4 16. Rxd4 Nc6 17. Rh4 Rab8 18. g4 d4 19. Rh5 Qc7 20.
Nd5 Bxd5 21. Rxd5 Qf4+ 22. Kb1 Qf3 23. Bxc4 Qxh1+ 24. Ka2 d3 25. Qxd3 Qc1
26. Bb3 Rbd8 27. Qe4 Rxd5 28. Bxd5 Nd8 29. f4 Qc7 30. h4 Ne6 31. f5 Nf4 32.
Bb3 Rb8 33. g5 Qb7 34. Qe3 Ne2 35. gxh6 Qxb3+ 36. Kb1 0-1

[Event "83rd ESP-ch Women-ch 2018"]
[Site "Linares"]
[Date "2018.08.23"]
[Round "4"]
[White "Anton Guijarro, David"]
[Black "Ladron de Guevara Pinto, Paolo"]
[Result "0-1"]
[WhiteElo "2652"]
[BlackElo "2424"]
[Annotator "TA"]
[EventDate "2018.08.09"]
[PlyCount "150"]
[EventType "tourn"]
[EventCountry "ESP"]

1. d4 d5 2. c4 e6 3. Nf3 Nf6 4. Nc3 Be7 5. Qc2 O-O 6. Bg5 Nbd7 7. cxd5 exd5
8. e3 c6 9. Bd3 Re8 10. O-O g6 11. h3 Ne4 12. Bf4 Nxc3 13. bxc3 $14 Nf8 14.
c4 Bd6 $146 15. Bxd6 Qxd6 16. c5 Qc7 17. Rfc1 Be6 18. a4 Rad8 19. a5 a6 20.
Rcb1 Bc8 21. Rb3 Re7 22. Qc1 Rde8 23. Kh1 Kg7 24. Qg1 f6 25. Qh2 Qxh2+ 26.
Kxh2 Ne6 27. Rab1 Nd8 28. g4 Nf7 29. Kg3 Ng5 30. Nd2 Nf7 31. h4 Nh6 32. g5
$1 Nf7 33. Nf3 Rf8 34. Rh1 Rg8 35. Rh2 h5 36. gxf6+ Kxf6 $11 37. Rg2 Bg4
38. Rg1 Rg7 39. Rbb1 Bf5 40. Rbd1 Bg4 41. Rde1 Re8 42. Nd2 Bf5 43. Be2 Nh6
44. Bf3 Rge7 45. Kh2 Bc8 46. Bd1 Bf5 47. Rg2 Be4 48. f3 Bd3 49. e4 dxe4 50.
fxe4 Bxe4 51. Rge2 Bd5 $19 52. Rxe7 Rxe7 53. Rxe7 Kxe7 54. Bc2 Kf6 $1 55.
Ne4+ Bxe4 $1 56. Bxe4 Ng4+ 57. Kg3 Ne3 58. Kf2 Nd5 $1 59. Bg2 Nf4 60. Bf1
g5 61. Kf3 Ne6 62. hxg5+ Nxg5+ 63. Kf4 Ne6+ $2 64. Ke3 $1 $11 h4 65. Bh3
Ke7 66. Bg4 Nc7 67. Kf4 Kd8 68. Kg5 $2 Nb5 $19 69. Kxh4 Nxd4 70. Bd1 Ne6
71. Kg4 Nxc5 72. Kf5 Ke7 73. Ke5 Nd7+ 74. Kd4 Kd6 75. Kc3 Ne5 0-1

[Event "83rd ESP-ch Women-ch 2018"]
[Site "Linares"]
[Date "2018.08.23"]
[Round "4"]
[White "Perez Candelario, Manuel"]
[Black "Aroshidze, Levan"]
[Result "1/2-1/2"]
[WhiteElo "2611"]
[BlackElo "2504"]
[Annotator "TA"]
[EventDate "2018.08.09"]
[PlyCount "122"]
[EventType "tourn"]
[EventCountry "ESP"]

1. e4 c5 2. Nf3 e6 3. d4 cxd4 4. Nxd4 a6 5. Bd3 Nf6 6. O-O d6 7. c4 Be7 8.
Nc3 O-O 9. Qe2 Nbd7 10. b3 Qc7 11. Bb2 b6 12. f4 Bb7 13. Kh1 Rfe8 14. Rae1
Rad8 15. Bb1 g6 16. Qf2 Bf8 17. Nf3 Bg7 $146 18. Ng5 Re7 19. Qh4 h6 20. Nf3
Rde8 21. e5 dxe5 22. fxe5 $16 Nh7 23. Ne4 $36 Bxe4 24. Qxe4 Nc5 25. Qe3 Rd8
26. h4 Red7 27. Bd4 Nf8 28. Rd1 a5 29. Bc2 Rc8 30. a3 Qb8 31. Rd2 Rdc7 $14
32. Rb1 Ncd7 33. Bd3 Nc5 34. Bc2 Ncd7 $1 35. Bd3 Nc5 36. Bf1 Qb7 37. Kh2
Nfd7 38. b4 $16 axb4 39. axb4 Ne4 40. Re2 f5 41. exf6 $1 Ndxf6 42. Bxf6
Nxf6 $11 43. Qxe6+ Kh7 44. Ree1 Re8 45. Qh3 Rce7 46. Rxe7 Qxe7 47. Re1 Qxb4
48. Rxe8 Nxe8 49. h5 Qd6+ 50. g3 gxh5 51. Qxh5 Nf6 52. Qf5+ Kg8 53. Bh3 Qc5
54. Qe6+ Kh8 55. Kg2 Qb4 56. Qc8+ Qf8 57. Qe6 Qe8 58. Ne5 Qxe6 59. Bxe6 Bf8
60. Kf3 Kg7 61. g4 Bd6 1/2-1/2